Artilheiros Brasileiros da Copa Libertadores - Statistics

Estatísticas Gerais
  • Esse quiz foi jogado 211 vezes
    145 desde o último reset
  • A pontuação média é 11 de 27
Estatísticas das Respostas
N° Gols Clubes que marcou Jogador % Correto
31 Santos(1) e Flamengo(30) Gabriel Barbosa / Gabriel / Gabigol
99%
25 Fluminense(15), Atlético-MG(5) e Cruzeiro(4) Fred
85%
22 Santos(3) e Flamengo(19) Bruno Henrique
79%
21 Palmeiras(21) Rony
68%
14 Santos(14) Neymar
67%
16 Santos(16) Pelé
59%
17 Palmeiras(17) Raphael Veiga
56%
19 Flamengo(19) Pedro
55%
16 Flamengo(16) Zico
52%
14 São Paulo (14) Luís Fabiano
50%
29 Vasco(8), Corinthians(15), Grêmio(1) e São Paulo(5) Luizão
50%
15 Atlético-MG(15) Hulk
47%
15 Palmeiras(12) e Cruzeiro(3) Alex
45%
16 Grêmio(16) Jardel
38%
14 São Paulo(14) Rogério Ceni
38%
19 Santos(12), São Paulo(2) e Atlético-MG(5) Ricardo Oliveira / Pastor
36%
14 Fluminense(6) e São Paulo(8) Washington
36%
17 Santos(14) e Atlético-MG(3) Robinho
35%
15 Internacional(11) e Cruzeiro(4) Leandro Damião
31%
25 Cruzeiro(20), Corinthians(3) e Atlético-MG(2) Palhinha
24%
19 Grêmio(5), Vasco(1), Atlético-MG(9) e Cruzeiro(4) Guilherme
21%
18 Flamengo(7) e Corinthians(11) Marcelinho Carioca
17%
21 Botafogo(5), Cruzeiro(13) e Jorge Wilstermann(3) Jairzinho
14%
14 São Paulo(1) e Cruzeiro(13) Thiago Ribeiro
10%
18 Bolívar(5) e Jorge Wilstermann(13) Sérgio João
7%
18 Flamengo(10), Grêmio(5) e Vasco(3) Tita
7%
22 Nacional (22) Célio Taveira
5%
Nenhum quiz correspondente encontrado
Distribuição das Pontuações
Porcentagem de Pessoas com Cada Pontuação
Percentil de Números Respondidos
Sua Pontuação Histórica
Você não jogou esse quiz desde o último reset